La zona muerta (Registro nro. 40850)

Detalles MARC
000 -CABECERA
Longitud fija campo de control 00577nam a2200205Ii 4500
003 - IDENTIFICADOR DEL NUMERO DE CONTROL
Identificador del número de control CO-ViMGA
008 - CODIGOS DE INFORMACION DE LONGITUD FIJA
Códigos de información de longitud fija 241108s9999||||xx |||||||||||||| ||und||
040 ## - FUENTE DE LA CATALOGACION
Centro catalogador de origen CO-ViMGA
Lengua de catalogación spa
Normas de descripción rda
Centro transcriptor CO-ViMGA
041 0# - CODIGO DE LENGUA
Código de lengua del texto/banda sonora o título independiente spa
084 ## - Clasificación Local Alfanúmerica PNLB
Número de clasificación N KIN2k
100 1# - PUNTO DE ACCESO PRINCIPAL-NOMBRE DE PERSONA
Nombre de persona Eduardo Goligorsky
245 10 - TITULO PROPIAMENTE DICHO
Título La zona muerta
264 #1 - PRODUCCION, PUBLICACION , DISTRIBUCION, FABRICACION Y COPYRIGHT
Lugar de producción, publicación, distribución, fabricación Bogotá, Colombia : Círculo de Lectores, 1982
300 ## - DESCRIPCION FISICA
Extensión volumen
336 ## - TIPO DE CONTENIDO
Término de tipo de contenido text
Código de tipo de contenido txt
Fuente rdacontent
337 ## - TIPO DE MEDIO
Nombre del tipo de medio unmediated
Código del tipo de medio n
Fuente rdamedia
338 ## - TIPO DE SOPORTE
Nombre del tipo de soporte volume
Código del tipo de soporte nc
Fuente rdacarrier
940 ## -
T&íacute;tulo uniforme <a href="idficha_siabuc: 17954. -- ficha_no_siabuc:18291">idficha_siabuc: 17954. -- ficha_no_siabuc:18291</a>
Existencias
Perdido Estado Físico No para pr&eacute;stamo Forma de adquisición Localizaci&oacute;n permanente Localizaci&oacute;n actual Localización en estanterías Fecha adquisici&oacute;n Pr&eacute;stamos totales Signatura completa C&oacute;digo de barras Fecha &uacute;ltima consulta Fecha &uacute;ltimo pr&eacute;stamo N&uacute;mero de copia Fecha del precio de reemplazo Tipo de item de Koha Note p&uacute;blica
      Literatura General Biblioteca Pública Departamental Eduardo Carranza - Villavicencio Biblioteca Pública Departamental Eduardo Carranza - Villavicencio Literatura 08/06/2015 1 N KIN2k ECA23953 11/05/2025 10/14/2025 Ej.1 11/26/2024 LIbro 17954 | 22981









Instituto Departamental de Cultura del Meta - Red Departamental de Bibliotecas Públicas del Meta.